Keberkesanan audiasi ke atas prestasi pendengaran muzik dan keupayaan menulis melodi secara kreatif dalam kalangan pelajar sekolah menengah rendah /
Saved in:
| Main Author: | |
|---|---|
| Format: | Thesis Book |
| Language: | Malay |
| Published: |
2022.
|
| Subjects: | |
| Online Access: | http://studentsrepo.um.edu.my/14488/ |
| Tags: |
Add Tag
No Tags, Be the first to tag this record!
|
| LEADER | 01438nam a2200349 i 4500 | ||
|---|---|---|---|
| 001 | u1155841 | ||
| 003 | SIRSI | ||
| 005 | 202205261439 | ||
| 008 | 220526s2021 my a m 000 0 may | ||
| 040 | |a UMM |d AUM |e rda | ||
| 090 | |a PN2037 |b UMP 2021 Lio | ||
| 100 | 1 | |a Liow, Bee Teen, |e author. | |
| 245 | 1 | 0 | |a Keberkesanan audiasi ke atas prestasi pendengaran muzik dan keupayaan menulis melodi secara kreatif dalam kalangan pelajar sekolah menengah rendah / |c Liow Bee Teen. |
| 264 | 1 | |c 2022. | |
| 300 | |a xiv, 352 leaves : |b illustrations ; |c 30 cm | ||
| 336 | |a text |2 rdacontent | ||
| 337 | |a unmediated |2 rdamedia | ||
| 337 | |a computer |2 rdamedia | ||
| 338 | |a volume |2 rdacarrier | ||
| 338 | |a computer disc |2 rdacarrier | ||
| 502 | |b Ph.D. |c Pusat Kebudayaan, Universiti Malaya |d 2021. | ||
| 504 | |a Bibliography: leaves 178-197. | ||
| 530 | |a Also issued in CD. | ||
| 650 | 0 | |a Music appreciation. | |
| 650 | 0 | |a Singing. | |
| 650 | 0 | |a Melody. | |
| 710 | 2 | |a Universiti Malaya. |b Pusat Kebudayaan, |e degree granting institution. | |
| 856 | 4 | 1 | |u http://studentsrepo.um.edu.my/14488/ |
| 900 | |a US | ||
| 596 | |a 1 25 | ||
| 999 | |a PN2037 UMP 2021 LIO |w LC |c 1 |i A517729477 |f 2/9/2022 |g 1 |l STACKS |m P01UTAMA |r Y |s Y |t TESIS |u 2/9/2022 |1 AHSS |o .PUBLIC. Embargoed until 01.04.2023 - Released to stack 4-April-2023 |o .STAFF. | ||
| 999 | |a PN2037 UMP 2021 LIO |w LC |c 1 |i A517729830 |f 12/4/2023 |g 1 |l STACKS |m P25UMARCHI |r N |s Y |t CD |u 12/4/2023 |1 AHSS |o .STAFF. MST-CD2329 | ||
